Heath Ledger Movies Quiz Stats

 Plays Quiz Updated Nov 14, 2018

Support Sporcle.
Go Orange.
Score 0/18 Timer 05:00
0 Plays Today
Year Movie % Correct
2008The Dark Knight
96%
199910 Things I Hate About You
80.4%
2005Brokeback Mountain
75.3%
2001A Knight's Tale
74.7%
2005The Brothers Grimm
54.3%
2000The Patriot
42.1%
2005Casanova
23%
2009The Imaginarium of Doctor Parnassus
21.4%
2001Monster's Ball
16.6%
Year Movie % Correct
2005Lords of Dogtown
15.9%
2006Candy
15.6%
2003Ned Kelly
15.4%
2002The Four Feathers
13.9%
2007I'm Not There.
13.7%
2003The Order
10.2%
1999Two Hands
7%
1997Paws
5.1%
1997Blackrock
4.9%

From the Vault

SIA Puzzle Hunt: Boys on the Side

by SIA

Despite the title, the SIA is willing to recruit boys as well through this puzzle hunt.
Remove Ads.
Support Sporcle.
Get the best of Sporcle when you Go Orange. This ad-free experience offers more features, more stats, and more fun while also helping to support Sporcle. Thank you for becoming a member.

Show Comments

Extras

Top Quizzes Today


Score Distribution

Your Account Isn't Verified!

In order to create a playlist on Sporcle, you need to verify the email address you used during registration. Go to your Sporcle Settings to finish the process.

Report this User

Report this user for behavior that violates our Community Guidelines.

Details: